01730cam a22003131 4500001001300000003000400013005001700017008004100034010001700075035002000092040004700112042001200159050002500171100004100196245025700237260005600494300005600550440008900606500006500695501032700760650004001087650003601127650001101163700008301174700004901257740006201306740003101368999001701399gs 67000049 DLC20260227111420.0860114s1960 fr abf b 000 0 fre c ags 67000049  a(OCoLC)13016913 aU.S. Geol. Survey. Libr.cTxHRdOCoLCdDLC apremarc00aQE1b.S7 n.s. no. 891 aLapparent, Albert F. de,d1905-1975.10aLiminaire /cpar A.F. de Lapparent. La subsidence du récif campanien de Vigny (Seine-et-Oise) / par René Marlière. Le Bois des Roches à Vigny : contribution á l'étude morphologique et descriptive du complexe récifal / par Pierre Desmidt. aParis :bSociété géologique de France,c1960. a42 p., [5] leaves of plates :bill., maps ;c33 cm. 0aMémoires de la Société géologique de France ;vnouv. sér. mémoire no. 89 aEach plate accompanied by leaf with descriptive letterpress. aWith: Contribution à l'étude de Pityostrobus oblongus (Fliche sp.) appareil femelle d'un conifère Albien de l'Argonne / par Christiane Louvel -- Le dome gneissique de l'Agout (Tarn et Hérault) / par Roelof Schuiling. Paris : Société géologique de France, 1960. Bound together subsequent to publication.5DLC 0aGeology, StratigraphicyCretaceous. 0aGeologyzFrancezSeine-et-Oise. 0aReefs.1 aMarlière, René.tSubsidence du récif campanien de Vigny (Seine-et-Oise).1 aDesmidt, Pierre.tBois des Roches à Vigny.0 aSubsidence du récif campanien de Vigny (Seine-et-Oise).0 aBois des Roches à Vigny. c30291d30291